[Event "HUN-chT2 Erkel 1819"]
[Site "Hungary"]
[Date "2019.03.31"]
[Round "8.6"]
[White "Matuska, Miklos"]
[Black "Csatari, Mariann"]
[Result "1-0"]
[WhiteElo "2034"]
[BlackElo "2035"]
[PlyCount "69"]
[EventDate "2018.10.28"]
[EventType "team-tourn"]
[EventRounds "9"]
[EventCountry "HUN"]
[SourceTitle "EXT 2021"]
[Source "ChessBase"]
[SourceDate "2020.10.23"]
[SourceVersion "1"]
[SourceVersionDate "2020.10.23"]
[SourceQuality "1"]
[WhiteTeam "Pestszentlorinc"]
[BlackTeam "Sarkany DSE"]
[WhiteTeamCountry "HUN"]
[BlackTeamCountry "HUN"]

1. Nf3 d5 2. b3 c5 3. e3 Nc6 4. Bb2 Nf6 5. Bb5 a6 6. Bxc6+ bxc6 7. 0-0 Bg4 8. d3 e6 9. h3 Bxf3 10. Qxf3 Be7 11. c4 0-0 12. Nc3 Nd7 13. Na4 Nb6 14. Nxb6 Qxb6 15. Qg4 g6 16. Qf4 f6 17. e4 d4 18. Qg4 f5 19. exf5 exf5 20. Qe2 Ra7 21. Rae1 a5 22. Bc1 Kg7 23. Bf4 g5 24. Be5+ Kg6 25. f4 a4 26. g4 axb3 27. gxf5+ Kh6 28. axb3 Rxf5 29. Qe4 Rf7 30. Bh8 Qd8 31. Qe6+ Bf6 32. fxg5+ Kxg5 33. Bxf6+ Rxf6 34. Qg4+ Kh6 35. Rxf6+ 1-0

[Event "HUN-chT2 Breyer 1516"]
[Site "Hungary"]
[Date "2015.09.13"]
[Round "1.4"]
[White "Urhegyi, Marton"]
[Black "Csatari, Mariann"]
[Result "1-0"]
[WhiteElo "2168"]
[BlackElo "2076"]
[PlyCount "47"]
[EventDate "2015.09.13"]
[EventType "team-tourn"]
[EventRounds "11"]
[EventCountry "HUN"]
[SourceTitle "CBM 170 Extra"]
[Source "ChessBase"]
[SourceDate "2016.02.25"]
[SourceVersion "1"]
[SourceVersionDate "2016.02.25"]
[SourceQuality "1"]
[WhiteTeam "Kobanya Aquarena"]
[BlackTeam "Sarkany DSE"]
[WhiteTeamCountry "HUN"]
[BlackTeamCountry "HUN"]

1. e4 e5 2. Nf3 d6 3. d4 exd4 4. Nxd4 Nf6 5. Nc3 Nc6 6. Be3 g6 7. Qd2 Bg7 8. f3 0-0 9. 0-0-0 Be6 10. g4 h5 11. Nxe6 fxe6 12. g5 Nd7 13. f4 Qe7 14. e5 Ndxe5 15. fxe5 Nxe5 16. Be2 d5 17. Rhf1 Rfe8 18. Bf4 c5 19. Bd3 Kh7 20. Bxe5 Bxe5 21. h4 c4 22. Qe2 cxd3 23. Qxe5 dxc2 24. Rxd5 1-0

[Event "HUN-chT2 Breyer 1415"]
[Site "Hungary"]
[Date "2014.12.14"]
[Round "?"]
[White "Kardon, Zoltan"]
[Black "Csatari, Mariann"]
[Result "0-1"]
[WhiteElo "2151"]
[BlackElo "2078"]
[PlyCount "50"]
[EventDate "2014.09.07"]
[EventType "team-tourn"]
[EventRounds "11"]
[EventCountry "HUN"]
[SourceTitle "EXT 2016"]
[Source "ChessBase"]
[SourceDate "2015.10.08"]
[SourceVersion "1"]
[SourceVersionDate "2015.10.08"]
[SourceQuality "1"]
[WhiteTeam "Hobagoly"]
[BlackTeam "Sarkany DSE"]
[WhiteTeamCountry "HUN"]
[BlackTeamCountry "HUN"]

1. d4 d5 2. Bf4 Nf6 3. e3 g6 4. Bd3 Bg7 5. Nd2 c5 6. c3 cxd4 7. exd4 Nc6 8. Ngf3 0-0 9. 0-0 Nh5 10. Bg5 Qc7 11. Re1 f6 12. Be3 e5 13. Qb3 Qd6 14. h3 Na5 15. Qb5 b6 16. Bf1 e4 17. Nh2 a6 18. Qa4 f5 19. g3 Nxg3 20. fxg3 Qxg3+ 21. Kh1 f4 22. Bg1 f3 23. Be3 f2 24. Bxf2 Rxf2 25. Qe8+ Bf8 0-1

[Event "HUN-chT2 Erkel 1112"]
[Site "Hungary"]
[Date "2012.04.22"]
[Round "9.9"]
[White "Lakat, Gyula"]
[Black "Csatari, Mariann"]
[Result "1/2-1/2"]
[WhiteElo "1859"]
[BlackElo "2085"]
[PlyCount "31"]
[EventDate "2011.09.25"]
[EventType "team-tourn"]
[EventRounds "11"]
[EventCountry "HUN"]
[SourceTitle "EXT 2013"]
[Source "ChessBase"]
[SourceDate "2012.11.22"]
[SourceVersion "1"]
[SourceVersionDate "2012.11.22"]
[SourceQuality "1"]
[WhiteTeam "Honved II"]
[BlackTeam "Sarkany"]
[WhiteTeamCountry "HUN"]
[BlackTeamCountry "HUN"]

1. d4 d5 2. c4 c6 3. Nc3 Nf6 4. Nf3 dxc4 5. e4 b5 6. Bg5 b4 7. Na4 Nxe4 8. Bxc4 Nxg5 9. Nxg5 e6 10. Nf3 Be7 11. 0-0 0-0 12. Qe2 Qa5 13. b3 Bf6 14. Rac1 Na6 15. Bd3 Bb7 16. Nc5 1/2-1/2

[Event "HUN-chT2 Erkel 1112"]
[Site "Hungary"]
[Date "2012.03.25"]
[Round "8.7"]
[White "Csatari, Mariann"]
[Black "Varga, Laszlo"]
[Result "1/2-1/2"]
[WhiteElo "2085"]
[BlackElo "2191"]
[PlyCount "22"]
[EventDate "2011.09.25"]
[EventType "team-tourn"]
[EventRounds "11"]
[EventCountry "HUN"]
[SourceTitle "EXT 2013"]
[Source "ChessBase"]
[SourceDate "2012.11.22"]
[SourceVersion "1"]
[SourceVersionDate "2012.11.22"]
[SourceQuality "1"]
[WhiteTeam "Sarkany"]
[BlackTeam "Ujszasz"]
[WhiteTeamCountry "HUN"]
[BlackTeamCountry "HUN"]

1. d4 e6 2. c4 d5 3. Nc3 c5 4. e3 Nf6 5. Nf3 Nc6 6. Be2 Be7 7. 0-0 0-0 8. dxc5 Bxc5 9. a3 a6 10. b4 Ba7 11. Bb2 dxc4 1/2-1/2

[Event "HUN-chT2 Erkel 1112"]
[Site "Hungary"]
[Date "2011.11.13"]
[Round "3.8"]
[White "Horvath, Jeno Kalman"]
[Black "Csatari, Mariann"]
[Result "1/2-1/2"]
[WhiteElo "2062"]
[BlackElo "2085"]
[PlyCount "41"]
[EventDate "2011.09.25"]
[EventType "team-tourn"]
[EventRounds "11"]
[EventCountry "HUN"]
[SourceTitle "EXT 2013"]
[Source "ChessBase"]
[SourceDate "2012.11.22"]
[SourceVersion "1"]
[SourceVersionDate "2012.11.22"]
[SourceQuality "1"]
[WhiteTeam "Foti"]
[BlackTeam "Sarkany"]
[WhiteTeamCountry "HUN"]
[BlackTeamCountry "HUN"]

1. d4 d5 2. Nf3 Nf6 3. c4 c6 4. e3 g6 5. Nc3 Bg7 6. Be2 0-0 7. Ne5 Nbd7 8. f4 Ne4 9. Nxd7 Bxd7 10. cxd5 cxd5 11. 0-0 e6 12. Nxe4 dxe4 13. Qb3 Bc6 14. Bd2 Qd7 15. Bb4 Rfc8 16. Rac1 Bb5 17. Bxb5 Qxb5 18. Bc5 Qxb3 19. axb3 Rc6 20. Rc3 Rac8 21. Rfc1 1/2-1/2

[Event "HUN-chT2 Breyer 1011"]
[Site "Hungary"]
[Date "2011.05.01"]
[Round "10.4"]
[White "Bokros, Norbert"]
[Black "Csatari, Mariann"]
[Result "1-0"]
[WhiteElo "2017"]
[BlackElo "2093"]
[PlyCount "59"]
[EventDate "2010.09.12"]
[EventType "team-tourn"]
[EventRounds "11"]
[EventCountry "HUN"]
[SourceTitle "EXT 2012"]
[Source "ChessBase"]
[SourceDate "2011.11.24"]
[SourceVersion "1"]
[SourceVersionDate "2011.11.24"]
[SourceQuality "1"]
[WhiteTeam "Turul"]
[BlackTeam "Sarkany"]
[WhiteTeamCountry "HUN"]
[BlackTeamCountry "HUN"]

1. e4 d5 2. exd5 Qxd5 3. Nc3 Qa5 4. d4 Nf6 5. Nf3 Bg4 6. Bd2 c6 7. Bc4 Qb6 8. Bxf7+ Kxf7 9. Ne5+ Ke8 10. Nxg4 Qxd4 11. Nxf6+ exf6 12. 0-0 Kf7 13. Qe2 Nd7 14. Be3 Qb4 15. a3 Qe7 16. Rfe1 Qe6 17. Qh5+ g6 18. Qh4 Ne5 19. Rad1 Qf5 20. Bd4 Qg4 21. Qxg4 Nxg4 22. h3 Nh6 23. Ne4 Be7 24. Bxf6 Bxf6 25. Rd7+ Ke6 26. Rd6+ Ke5 27. Rxf6 Rad8 28. f4+ Kd4 29. Nd6 b6 30. Re4+ 1-0

[Event "HUN-chT2 Maroczy 0910"]
[Site "Hungary"]
[Date "2010.02.14"]
[Round "6"]
[White "Csatari, Mariann"]
[Black "Nagy, Zoltan2"]
[Result "0-1"]
[WhiteElo "2139"]
[BlackElo "2007"]
[PlyCount "116"]
[EventDate "2009.11.08"]
[EventType "team-tourn"]
[EventRounds "11"]
[EventCountry "HUN"]
[SourceTitle "EXT 2011"]
[Source "ChessBase"]
[SourceDate "2010.11.26"]
[SourceVersion "1"]
[SourceVersionDate "2010.11.26"]
[SourceQuality "1"]
[WhiteTeam "Nyiregyhaza"]
[BlackTeam "Maroczy"]
[WhiteTeamCountry "HUN"]
[BlackTeamCountry "HUN"]

1. d4 d5 2. Nf3 Nf6 3. c4 c6 4. Nc3 e6 5. e3 Nbd7 6. Bd3 dxc4 7. Bxc4 b5 8. Bd3 Bb7 9. a3 a6 10. b4 a5 11. Rb1 axb4 12. axb4 Nb6 13. e4 Be7 14. 0-0 0-0 15. Qc2 Ne8 16. e5 h6 17. Ne4 Nd5 18. Bd2 Nec7 19. Nc5 Qc8 20. Rfe1 Na6 21. Re4 Qc7 22. Rg4 Kh8 23. Qc1 h5 24. Rg3 Nxc5 25. dxc5 f5 26. exf6 Bxf6 27. Bg6 e5 28. Rh3 Bc8 29. Rxh5+ Kg8 30. h3 Ne7 31. Qc2 Be6 32. Bh7+ Kf7 33. Ng5+ Bxg5 34. Rxg5 Ra2 35. Qd3 Qd7 36. Bg6+ Nxg6 37. Qxg6+ Kg8 38. Be3 Bf5 39. Rxf5 Qxf5 40. Qxf5 Rxf5 41. g4 Rf8 42. Kg2 Rd8 43. Kf3 Kf7 44. h4 g6 45. g5 Ke6 46. Kg4 Rc2 47. Kg3 Rc4 48. Rb3 Kf5 49. Ra3 Rxb4 50. Ra7 Rb1 51. Rc7 Ke4 52. Rxc6 b4 53. Rxg6 b3 54. Rb6 b2 55. Kg2 Rdd1 56. Rb4+ Kf5 57. f3 Re1 58. Kf2 Rxe3 0-1

[Event "Budapest Spring op 14th"]
[Site "Budapest"]
[Date "1998.??.??"]
[Round "?"]
[White "Varga, Peter"]
[Black "Csatari, Mariann"]
[Result "1-0"]
[WhiteElo "2390"]
[BlackElo "2110"]
[PlyCount "189"]
[EventDate "1998.03.??"]
[EventType "swiss"]
[EventRounds "9"]
[EventCountry "HUN"]
[SourceTitle "EXT 2002"]
[Source "ChessBase"]
[SourceDate "2001.11.25"]
[SourceVersion "1"]
[SourceVersionDate "2001.11.25"]
[SourceQuality "1"]

1. d4 d5 2. Bg5 Nf6 3. Bxf6 gxf6 4. e3 e5 5. c4 c6 6. Nc3 Be6 7. Nf3 e4 8. Nd2 f5 9. g3 h5 10. h4 Nd7 11. cxd5 cxd5 12. Qb3 Qa5 13. a3 Rb8 14. Qa2 a6 15. b4 Qd8 16. Nb3 b6 17. Bxa6 Bd6 18. Bb5 Ke7 19. Kd2 Nf6 20. Rhc1 Ng4 21. Ke1 Nxe3 22. fxe3 Bxg3+ 23. Kd1 f4 24. exf4 Bxf4 25. Qf2 Qd6 26. Ne2 Bxc1 27. Rxc1 Rhc8 28. Ng3 Rxc1+ 29. Nxc1 Ra8 30. Qe3 Bg4+ 31. Be2 Qg6 32. Bxg4 Qxg4+ 33. Nce2 Ke6 34. Kd2 Qf3 35. Qh6+ Kd7 36. Qxh5 Rxa3 37. Qxd5+ Kc7 38. Qe5+ Kd7 39. Qd5+ Kc7 40. Qe5+ Kd7 41. Qf5+ Kc7 42. Qxf3 exf3 43. Nc3 Kd7 44. h5 Ra8 45. Nd5 Kd6 46. Nxb6 Rb8 47. Nc4+ Kd5 48. Kd3 Rxb4 49. Ne3+ Ke6 50. h6 Rb8 51. Ngf5 Rb1 52. Ng3 Rb8 53. Kd2 Rb2+ 54. Ke1 Rh2 55. Ngf5 Re2+ 56. Kf1 Ra2 57. Kg1 Kf6 58. d5 Ke5 59. h7 Ra8 60. Nh6 Kf6 61. Kf2 Kg7 62. Nhf5+ Kxh7 63. Kxf3 Kg6 64. Ke4 Re8+ 65. Kd4 Kf6 66. Kc5 Rc8+ 67. Kd6 Rd8+ 68. Kc6 Ke5 69. Ne7 Rxd5 70. N3xd5 Ke4 71. Nf6+ Ke5 72. Ned5 Ke6 73. Kc5 Ke5 74. Kc4 Kf5 75. Kd4 Ke6 76. Ke4 Kd6 77. Kf5 Kc6 78. Ke5 Kc5 79. Ne3 Kc6 80. Nc4 Kc5 81. Nd6 Kc6 82. Nde4 Kb5 83. Kd4 Kb4 84. Nc5 Kb5 85. Nd3 Ka4 86. Kc4 Ka3 87. Nc5 Kb2 88. Kd3 Kc1 89. Na4 Kd1 90. Nb2+ Kc1 91. Kc3 Kb1 92. Nd3 Ka2 93. Kb4 Kb1 94. Kb3 Ka1 95. Ne4 1-0

[Event "Harkany Tenkes Cup"]
[Site "Harkany"]
[Date "1997.??.??"]
[Round "1"]
[White "Grunberg, Mihai Lucian"]
[Black "Csatari, Mariann"]
[Result "1-0"]
[WhiteElo "2380"]
[BlackElo "2125"]
[PlyCount "67"]
[EventDate "1997.11.??"]
[EventType "swiss"]
[EventRounds "9"]
[EventCountry "HUN"]
[SourceTitle "EXT 2001"]
[Source "ChessBase"]
[SourceDate "2000.11.22"]
[SourceVersion "1"]
[SourceVersionDate "2000.11.22"]
[SourceQuality "1"]

1. Nf3 d5 2. c4 e6 3. g3 d4 4. Bg2 Nf6 5. 0-0 c5 6. d3 Nc6 7. e3 Bd6 8. exd4 cxd4 9. a3 a5 10. Bg5 h6 11. Bxf6 Qxf6 12. Nbd2 Qe7 13. Ne4 Bc7 14. b4 f5 15. Nh4 Qf7 16. b5 Ne5 17. Nc5 Bd6 18. Nb3 g5 19. Nf3 Nxf3+ 20. Bxf3 g4 21. Bg2 a4 22. Nxd4 Be5 23. Nc6 Bxa1 24. Qxa1 0-0 25. Ne5 Qf6 26. d4 Kg7 27. c5 h5 28. f3 Rd8 29. fxg4 hxg4 30. Rf4 Ra5 31. Bf1 Bd7 32. Qc3 Raa8 33. Nxg4 Qg5 34. d5+ 1-0

[Event "HUN-ch (Women)"]
[Site "Hungary"]
[Date "1996.??.??"]
[Round "1"]
[White "Grabics, Monika"]
[Black "Csatari, Mariann"]
[Result "1-0"]
[WhiteElo "2225"]
[BlackElo "2140"]
[PlyCount "41"]
[EventDate "1996.??.??"]
[EventType "tourn"]
[EventRounds "9"]
[EventCountry "HUN"]
[SourceTitle "EXT 2001"]
[Source "ChessBase"]
[SourceDate "2000.11.22"]
[SourceVersion "1"]
[SourceVersionDate "2000.11.22"]
[SourceQuality "1"]

1. e4 d5 2. exd5 Qxd5 3. Nc3 Qa5 4. d4 Nf6 5. Nf3 Bg4 6. h3 Bh5 7. g4 Bg6 8. b4 Qxb4 9. Bd2 Qd6 10. Rb1 b6 11. Bg2 c6 12. Ne5 Nfd7 13. Nb5 cxb5 14. Bf4 Nxe5 15. Bxe5 Qe6 16. Qf3 f6 17. Qxa8 fxe5 18. Qxb8+ Kf7 19. Rxb5 Qd6 20. Qxa7 Qxd4 21. Bd5+ 1-0